000 00894nam a2200265 a 4500
001 3286
003 BD-RjUL
005 20211208233715.0
008 131218s1982 enk 001 0 eng d
020 _a0862320410 :
035 _a(BD-RjUL)3320
035 _a(BD-RjUL)
040 _aBNB
_beng
_cBNB
_dBNB
_dBD-RjUL
041 _aeng
082 0 4 _a338.1091724
_219
_bDEA
100 1 _aDe Vylder, Stefan.
_910369
245 1 0 _aAgriculture in chains :
_bBangladesh : a case study in contradictions and constraints /
_cStefan de Vylder.
260 _aLondon :
_bZed Press,
_cc1982.
300 _axii, 164 p. ;
_c23cm.
500 _aDeveloping countries. Agricultural industries. Economic development. - Case studies (BNB/PRECIS)
504 _aBibliography: p157-164.
650 0 _aAgriculture
_xEconomic aspects
_zDeveloping countries
_xCase studies.
_910370
942 _2ddc
_cBK
999 _c3286
_d3286